000 00534nam a2200181Ia 4500
008 240925s9999 xx 000 0 und d
020 _a1582795576
082 _a423 WER
100 _aWebster
245 4 _aThe New International Websters Comprehensive Dictionary of the English Language
250 _aNA
260 _aNapales:
_bFlorida Trident Press
_c,2004.
300 _axxviii,1134p.
_bNA
_fOriginal
500 _aIncludes Index
600 _aHumanities & Natural Science
650 _aEnglish and Old English
942 _cBK
999 _c10041
_d10041